[Event "Central America-chT U16 4th"]
[Site "Armenia"]
[Date "2013.11.04"]
[Round "2"]
[White "Gutierrez Suarez, Marcos Antonio"]
[Black "Rivera Reyes, Alex S"]
[Result "1-0"]
[WhiteElo "1728"]
[BlackElo "1850"]
[PlyCount "53"]
[EventDate "2013.11.04"]
[EventType "team"]
[EventRounds "7"]
[EventCountry "COL"]
[SourceTitle "EXT 2016"]
[Source "ChessBase"]
[SourceDate "2015.10.08"]
[SourceVersion "1"]
[SourceVersionDate "2015.10.08"]
[SourceQuality "1"]
[WhiteTeam "Guatemala"]
[BlackTeam "Nicaragua"]
[WhiteTeamCountry "GUA"]
[BlackTeamCountry "NCA"]

1. d4 f5 2. c4 e6 3. Nc3 Nf6 4. e3 c6 5. g3 d5 6. Bg2 Nbd7 7. cxd5 cxd5 8. Nge2 Be7 9. Nf4 0-0 10. Nxe6 Qb6 11. Nxf8 Nxf8 12. 0-0 Qd8 13. Qb3 Be6 14. Bd2 b6 15. Rac1 Ne4 16. Nxe4 dxe4 17. Qc2 Rc8 18. Qa4 a5 19. Rxc8 Qxc8 20. Rc1 Qb7 21. Qc6 Qa6 22. Bf1 Qa7 23. d5 Bd7 24. Qc7 Qa8 25. d6 Bd8 26. Qc3 Bf6 27. Qb3+ 1-0

[Event "Central America-chT U16 4th"]
[Site "Armenia"]
[Date "2013.11.04"]
[Round "6"]
[White "Huerta Escobar, Bruce"]
[Black "Gutierrez Suarez, Marcos Antonio"]
[Result "1-0"]
[WhiteElo "2027"]
[BlackElo "1728"]
[PlyCount "51"]
[EventDate "2013.11.04"]
[EventType "team"]
[EventRounds "7"]
[EventCountry "COL"]
[SourceTitle "EXT 2016"]
[Source "ChessBase"]
[SourceDate "2015.10.08"]
[SourceVersion "1"]
[SourceVersionDate "2015.10.08"]
[SourceQuality "1"]
[WhiteTeam "Venezuela"]
[BlackTeam "Guatemala"]
[WhiteTeamCountry "VEN"]
[BlackTeamCountry "GUA"]

1. Nf3 Nf6 2. g3 d6 3. d4 Nbd7 4. Bg2 c6 5. 0-0 e5 6. c4 Be7 7. Nc3 0-0 8. e4 Re8 9. Re1 Bf8 10. Bg5 h6 11. Bxf6 Qxf6 12. d5 Nb6 13. Qe2 Bg4 14. h3 Bxf3 15. Bxf3 Nxc4 16. Qxc4 Qxf3 17. dxc6 bxc6 18. Qxc6 Rec8 19. Qd5 Rc5 20. Qxa8 f5 21. Rad1 f4 22. Ne2 Rc7 23. Qd5+ Rf7 24. Rd3 Qh5 25. gxf4 exf4 26. Qxh5 1-0